හටන් කවි හා ප්රශස්ති කවි සහ හටන්වලට ප්රසිද්ධ ඒදඬුවාව දිසාව (Record no. 6660)
[ view plain ]
| 000 -LEADER | |
|---|---|
| fixed length control field | 00683nam a2200169Ia 4500 |
| 008 - FIXED-LENGTH DATA ELEMENTS--GENERAL INFORMATION | |
| fixed length control field | 180921t2019 xxu||||| |||| 00| 0 sin d |
| 041 ## - LANGUAGE CODE | |
| Language code of text/sound track or separate title | sin |
| 080 ## - UNIVERSAL DECIMAL CLASSIFICATION NUMBER | |
| Universal Decimal Classification number | 82-1 |
| Item number | තෙන්න |
| 003 - CONTROL NUMBER IDENTIFIER | |
| control field | LK-CoDNM |
| 040 ## - CATALOGING SOURCE | |
| Original cataloging agency | LK-CoDNM |
| Modifying agency | LK-CoDNM |
| Description conventions | LK-CoDNM |
| 100 ## - MAIN ENTRY--PERSONAL NAME | |
| Personal name | තෙන්නකෝන්, ධර්මරත්න |
| 245 ## - TITLE STATEMENT | |
| Title | හටන් කවි හා ප්රශස්ති කවි සහ හටන්වලට ප්රසිද්ධ ඒදඬුවාව දිසාව |
| 246 ## - VARYING FORM OF TITLE | |
| Title proper/short title | Hatan kawi ha prashasthi kawi saha hatanwalata prasiddha edauwawa disawa |
| 260 ## - PUBLICATION, DISTRIBUTION, ETC. | |
| Name of publisher, distributor, etc. | ගොඩගේ |
| Place of publication, distribution, etc. | කොළඹ |
| Date of publication, distribution, etc. | 2019 |
| 300 ## - PHYSICAL DESCRIPTION | |
| Other physical details | පි.88, සෙ.මී.21 |
| 942 ## - ADDED ENTRY ELEMENTS (KOHA) | |
| Koha item type | Books |
| Withdrawn status | Lost status | Damaged status | Not for loan | Collection | Home library | Current library | Date acquired | Full call number | Barcode | Date last seen | Price effective from | Koha item type |
|---|---|---|---|---|---|---|---|---|---|---|---|---|
| Monographs | Library National Museum Colombo - Sri Lanka | Library National Museum Colombo - Sri Lanka | 2022-03-10 | 82-1 තෙන්න | P44100 | 2023-06-01 | 2023-06-01 | Books |


